000 01036nam a2200265Ia 4500
001 21603
005 20260416115230.0
008 260320s9999||||xx |||||||||||||| ||und||
020 _a9684228163
041 _aESP
082 _a658.8
_bR56R
100 _aRies, Al,
_eAUT
245 0 _aRevolución del marketing :
_bla táctica dicta la estrategia
250 _aPrimera edición
260 _aMéxico :
_bMcGraw-Hill/ Interamericana de México,
_c1990
300 _a216 páginas :
_c21 cm.
650 _aTCA
653 _aMarketing
654 _aCAN
700 _aTrout, Jack,
_cAUT
856 _uhttps://0u213wq0g-y-https-ebooks7--24-com.itmsp.museknowledge.com/biblioteca.aspx
_zVéase además: Base de datos Ebook7-24
856 _uhttps://0u20fwq0h-y-https-research-ebsco-com.itmsp.museknowledge.com/c/qxo6us/search
_zVéase además: Base de datos EBSCOhost
856 _uhttps://0u20ywq0k-y-https-www-bibliotechnia-com-mx.itmsp.museknowledge.com/
_zVéase además: Base de datos BiblioTechnia
942 _cLIB
_dJUS
_fMAT
_2ddc
999 _c21603
_d21603